Kapitálové vybavenie komerčných bánk

Enregistré dans:
Détails bibliographiques
Auteur principal: Svitek, Martin
Format: Livre
Langue:slovaque
Publié: Bratislava Eurounion 2006
Sujets:
Tags: Ajouter un tag
Pas de tags, Soyez le premier à ajouter un tag!

MARC

LEADER 00000nam$a2200000$$$4500
001 0046207
005 20240314093028.3
020 |a 80-88984-88-2 
041 0 |a slo 
044 |a SK 
245 1 0 |a Kapitálové vybavenie komerčných bánk  |c Martin Svitek 
264 1 |a Bratislava  |b Eurounion  |c 2006 
300 |a 171 s. 
610 2 0 |a banky obchodné 
610 2 0 |a kapitál bankový 
610 2 0 |a konglomeráty 
610 2 0 |a organizácie finančné 
610 2 0 |a rentabilita 
610 2 0 |a bankovníctvo 
610 2 0 |a sústava banková 
610 2 0 |a Slovensko 
610 2 0 |a banky 
100 1 |a Svitek, Martin